Grupos de presión en Costa Rica
Gardado en:
| Autor Principal: | |
|---|---|
| Formato: | Desconocido |
| Idioma: | Spanish |
| Publicado: |
San José, Costa Rica
Costa Rica
1971
|
| Materias: | |
| Etiquetas: |
Engadir etiqueta
Sen Etiquetas, Sexa o primeiro en etiquetar este rexistro!
|
MARC
| LEADER | 000000000a22000000004500 | ||
|---|---|---|---|
| 001 | 002003 | ||
| 008 | 171127b xxu||||| |||| 00| 0 spa d | ||
| 041 | 0 | |a spa | |
| 082 | 0 | 4 | |a 301.158 |b A696g |
| 100 | 1 | |a Arias Sánchez, Oscar |d 1941- | |
| 245 | 1 | 0 | |a Grupos de presión en Costa Rica |
| 260 | |a San José, Costa Rica |b Costa Rica |c 1971 | ||
| 300 | |a 130 páginas | ||
| 500 | |a número de inscripción 14180 -- Reimpresiones: 1983. -- El número de páginas de la reimpresión finaliza en 124. El ISBN es 997723065x y su número de inscripción es 1303 | ||
| 650 | 4 | |a GRUPOS DE PRESION | |
| 650 | 4 | |a COSTA RICA | |
| 942 | |2 ddc |c BK | ||
| 999 | |c 2884 |d 2884 | ||
